Statistics for Tyga Charting Songs (Billboard Hot 100)

Click here to take the quiz!

General Stats

  • This quiz has been taken 35 times
    (17 since last reset)
  • The average score is 15 of 34

Answer Stats

AlbumWeeks OnPeakArtist(s)Song% Correct
Legendary29 Weeks#8Tyga ft. OffsetTaste
100%
Fan of a Fan: The Album20 Weeks#20Chris Brown & TygaAyo
70%
X36 Weeks#9Chris Brown ft. Lil Wayne or Tyga, Too $hort & French MontanaLoyal
70%
Legendary8 Weeks#63Tyga ft. Nicki MinajDip
60%
Carte Blanche2 Weeks#95DJ Snake, J Balvin & TygaLoco Contigo
60%
Careless World: Rise of the Last King25 Weeks#7TygaRack City
60%
Fan of a Fan and F.A.M.E.27 Weeks#14Chris Brown ft. Tyga & Kevin McCallDeuces
50%
Non-Album Single11 Weeks#71Pia Mia ft. Chris Brown & TygaDo It Again
50%
Non-Album Single16 Weeks#43Tyga & Doja CatFreaky Deaky
50%
4Real 4Real19 Weeks#49YG, Tyga & JON-ZGo Loko
50%
Amala (Deluxe Edition) and Hot Pink20 Weeks#41Doja Cat & TygaJuicy
50%
Survive the Summer1 Week#96Iggy Azalea ft. TygaKream
50%
Furious 7: Original Motion Picture Soundtrack3 Weeks#70Kid Ink, Tyga, Wale, YG & Rich Homie QuanRide Out
50%
From Day 119 Weeks#53Travis Porter ft. TygaAyy Ladies
40%
Free the Universe9 Weeks#56Major Lazer ft. Bruno Mars, Tyga & MysticBubble Butt
40%
Jesus Piece12 Weeks#81The Game ft. Chris Brown, Tyga, Wiz Khalifa & Lil WayneCelebration
40%
No Love Lost21 Weeks#51Blxst & Tyga ft. Ty Dolla $ignChosen
40%
Careless World: Rise of the Last King22 Weeks#33Tyga ft. Lil WayneFaded
40%
Triple F Life: Friends, Fans & Family1 Week#72Waka Flocka Flame ft. Nicki Minaj, Tyga & Flo RidaGet Low
40%
Non-Album Single11 Weeks#85Tyga ft. Young ThugHookah
40%
Hotel California12 Weeks#66Tyga ft. Wiz Khalifa, Mally Mall & Cedric GervaisMolly
40%
Hoodie SZN9 Weeks#59A Boogie wit da Hoodie ft. Offset & TygaStartender
40%
Careless World: Rise of the Last King1 Week#89Tyga ft. DrakeStill Got It
40%
Non-Album Single1 Week#68Tyga & Justin BieberWait for a Minute
40%
Non-Album Single3 Weeks#92Lil Jon ft. TygaBend Ova
30%
No Introduction1 Week#94Tyga ft. Travie McCoyCoconut Juice
30%
Hotel California10 Weeks#68Tyga ft. Rick RossDope
30%
Careless World: Rise of the Last King7 Weeks#86Tyga ft. Chris RichardsonFar Away
30%
Non-Album Single1 Week#90Marshmello, Chris Brown & TygaLight It Up
30%
Careless World: Rise of the Last King1 Week#74Tyga ft. Nicki MinajMuthafucka Up
30%
Just Re'd Up1 Week#100YG ft. Tyga, Snoop Dogg & Nipsey HussleSnitches Ain't...
30%
Quality Street Music1 Week#90DJ Drama ft. Tyga, Wale & Roscoe DashSo Many Girls
30%
Shoot for the Stars, Aim for the Moon1 Week#65Pop Smoke ft. Tyga & QuavoWest Coast Shit
30%
Careless World: Rise of the Last King2 Weeks#91TygaMake It Nasty
20%

Score Distribution

Percentile by Number Answered

Percent of People with Each Score

Your Score History

You have not taken this quiz since the last reset